| 000 | 00619nam a2200181 i 4500 | ||
|---|---|---|---|
| 001 | 78176 | ||
| 003 | ES-MaACL | ||
| 005 | 20230906173557.0 | ||
| 007 | t| | ||
| 008 | 041011s1960 sp ||||1| spa d | ||
| 100 | 1 |
_aHansen, Palle. _961769 |
|
| 245 | 1 | 0 |
_aManual de Contabilidad / _cPalle Hansen ; traducción del danés por Arne Koefoed ; revisión y notas a la edición española Armando Suárez Franck. |
| 260 |
_aMadrid : _bAguilar, _c1960. |
||
| 300 |
_aXXIV, 1142 p. : _bil. ; _c25 cm. |
||
| 700 | 1 |
_aSuárez Franck, Armando. _9108620 |
|
| 700 | 1 |
_aKoefoed, Arne. _968430 |
|
| 852 |
_aES-MaACL _jC-18382 _bR.46115 |
||
| 999 |
_c78176 _d78176 |
||